000 00483nam a2200157Ia 4500
008 230917s9999||||xx |||||||||||||| ||und||
040 _e63286
_aMAIN
041 _aEnglish
082 _a005.133 G713T
100 _aGottfried, Byron S
245 0 _aTheory and problems of programming with pascal: with emphasis on turbo pascal and with features of standard ansi pascal
250 _a2nd ed.
260 _aNew Delhi
_bTata McGraw-Hill
_c1994
300 _aviii, 426 p.
942 _cBK
999 _c83094
_d83094